LEADER 00980nam0-22003251i-450 001 990001833480403321 005 20190529131436.0 035 $a000183348 035 $aFED01000183348 035 $a(Aleph)000183348FED01 035 $a000183348 100 $a20021010d1925----km-y0itay50------ba 101 0 $aita 200 1 $a<>paludismo e l' anofelismo senza malaria nei suoi rapporti coll' agricoltura$fGiacomo Rossi. 210 $aPiacenza$c...$d1925. 215 $a7 p.$d26 cm 300 $aEstr. da: L' Italia agricola, 15 agosto 1925. 610 0 $aIgiene ambientale 610 0 $aMalaria 676 $a614.432 700 1$aRossi,$bGiacomo$0333743 801 0$aIT$bUNINA$gRICA$2UNIMARC 901 $aLG 912 $a990001833480403321 952 $a60 OP. 34/6$fFAGBC 952 $a60 MISC. A 35/18$fFAGBC 959 $aFAGBC 996 $aPaludismo e l' anofelismo senza malaria nei suoi rapporti coll' agricoltura$9412120 997 $aUNINA DB $aING01 LEADER 01104nam a22002411i 4500 001 991001893879707536 005 20040104143302.0 008 040407s1966 sz |||||||||||||||||fre 035 $ab12839437-39ule_inst 035 $aARCHE-081905$9ExL 040 $aDip.to Scienze Storiche$bita$cA.t.i. Arché s.c.r.l. Pandora Sicilia s.r.l. 082 04$a417.7 100 1 $aPoulle, Emmanuel$0169529 245 10$aPaleographie des écritures cursives en France du 15. au 17. siècle :$brecueil de fac-similes de documents parisiens avec leur transcription precede d'une introduction /$cEmmanuel Poull 260 $aGeneve :$bDroz,$c1966 300 $aXX, 60 p. ;$c25 cm +$e1 cartella (30 tav.) ;$c34 cm. 650 4$aPaleografia$zFrancia$ySec. 15.-17. 907 $a.b12839437$b02-04-14$c16-04-04 912 $a991001893879707536 945 $aLE009 STOR.10.0-2$g1$i2009000105898$lle009$o-$pE0.00$q-$rl$s- $t0$u0$v0$w0$x0$y.i13392700$z16-04-04 996 $aPaleographie des écritures cursives en France du 15. au 17. siècle$9297356 997 $aUNISALENTO 998 $ale009$b16-04-04$cm$da $e-$ffre$gsz $h0$i1